000 00648nam a22002177a 4500
999 _c15602
_d15602
003 MIRAKIL
005 20240308164701.0
008 240308b tu ||||| |||| 00| 0 tur d
020 _a9789944613309
040 _aTR-AnCHP
_cTR-AnCHP
041 _atur
082 _a360
_bA64k 2023
090 _a360 A64k 2023
100 _aArı, İsmail
245 1 0 _aKızılay holding /
_cİsmail Arı.
260 _aİstanbul :
_bTekin yayınevi,
_c2023.
300 _a214 s. :
_c20 cm.
650 0 _9990
_ayolsuzluklar
_xKızılay
_zTürkiye
856 _zDijital Nüshası için Partimizin Kütüphane Sorumlusu ile iletişime geçiniz.
942 _2ddc
_cBKS